|
|
|
|
| LEADER |
00797cam a2200241 7i4500 |
| 001 |
0000020405 |
| 005 |
20170218090000.0 |
| 008 |
080218 eng |
| 020 |
|
|
|a 9780073102467
|
| 020 |
|
|
|a 0073102466 (hbk.)
|
| 040 |
|
|
|a DLC
|
| 090 |
0 |
0 |
|a HD30.28
|b .D47 2007
|
| 100 |
1 |
|
|a Dess, Gregory G
|
| 245 |
1 |
0 |
|a Strategic management :
|b text and cases
|c Gregory G. Dess, G. T. Lumpkin, Alan B. Eisner.
|
| 250 |
|
|
|a 3rd ed.
|
| 260 |
|
|
|a Boston:
|b McGraw-Hill/Irwin,
|c 2007.
|
| 300 |
|
|
|a xxiv, 984 p.:
|b col. ill.;
|c 26 cm.
|
| 504 |
|
|
|a Includes bibliographical references and index
|
| 650 |
0 |
0 |
|a Strategic planning
|
| 700 |
1 |
|
|a Eisner, Alan B
|
| 700 |
1 |
|
|a Lumpkin, G. T
|
| 997 |
|
|
|a Business & Accountancy, Faculty
|
| 999 |
|
|
|a 0000029993
|b BOK
|c OPEN SHELF
|e 1st Floor, Shah Alam
|